000 00248nam a2200097Ia 4500
008 240331s9999 xx 000 0 und d
082 _bPAL
100 _aPalanithurai, G
245 0 _aDynamics of Tamil Nadu politics in Sri Lankan ethnicity
942 _cL
999 _c2280
_d2280